000 00522nam a2200217Ia 4500
003 OSt
005 20220928143724.0
006 a|||||r|||| 00| 0
007 ta
008 220927b |||||||| |||| 00| 0 eng d
024 _a23051
037 _cTextual
040 _aSDCL
_cSDCL
_beng
041 _2eng
_aeng
082 _aC52, N4
100 _aStaelin David H
_9506027
245 0 _aElectromagnetic waves.
260 _c1994
942 _hC52, N4
_cTEXL
_2CC
999 _c824997
_d824997